000 00374nam a22001457a 4500
005 20170620124849.0
008 170620b xxu||||| |||| 00| 0 eng d
040 _cPK-LaUMT
082 _aZIAC 297
_bASI-W
100 _aAsif Kidwai , Muhammad
245 _aWhat Islam is?
_cMuhammad Asif Kidwai
260 _aKarachi:
_bDarul Ishaat,
_c1972
300 _a201 p.
942 _cBK
999 _c94790
_d94790